000 01592nam0a2200361 4500
001 RU\NLR\bibl\1479581
005 20260406145503.0
010 _a5-88190-055-3
_bВхазар
021 _aRU
_b2009-106005
_96748
035 _a(nilc)RSL-KNO-004562761
035 _a(NLR Aleph) 001471239
090 _a1644973
_c1644973
100 _a20100111d2009 |||y0rusy50 ca
101 1 _arus
_apol
_cpol
102 _aRU
105 _aa zzzz|||||
200 1 _aВ потемках
_e[стихотворения
_eперевод с полького]
_fСтанислав Гроховяк
_g[сост. и худож. Андрей Базилевский ]
210 _aМосква
_cВахазар
_aТорунь
_cИзд-во Адам Маршалэк
_d2009
215 _a137 с.
_cил.
_d21
225 1 _aПольско-русская поэтическая библиотека
_dPolsko-rosyjska biblioteka poetycka
_v8
300 _aТекст парал на рус. и пол. яз.
455 1 _1010$a978-83-7611-527-6
_12000#$aPo ciemku
_1700#0$aGrochowiak, Stanislaw
_tPo ciemku
_aGrochowiak, Stanislaw
686 _aШ5(4П)7-65я44
_2rubbk
686 _aШ5(2=Р)75-657я43
_2rubbk
686 _aШ6(4П)77-5я44{Лх1129-175}
700 1 _aГроховяк
_bС.
_gСтанислав
_4070
702 1 _4070
_7ca
_8rus
_aБазилевский
_bА. Б.
_f1957-2019
_gАндрей Борисович
_9114674
_3RU\NLR\AUTH\774697
801 0 _aRU
_bRuMoRGB
_c20100111
_grcr
801 1 _aRU
_bRuMoRGB
_c20100111
801 2 _aRU
_bNLR
_c20100302
_grcr
942 _cBOOK
980 _aNB